Les pays qui consomment le plus d'antidépresseurs - Statistiques

Statistiques générales
  • Ce quiz a été pris 138 fois
  • Le résultat moyen est 13 sur 17
Statistiques - réponses
Personnes prenant des antidépresseurs (/1000 habitants) Pays % Correct
50 France
100%
65 Espagne
94%
53 Allemagne
89%
85 Canada
87%
56 Norvège
87%
84 Suède
87%
69 Finlande
86%
72 Belgique
84%
88 Portugal
81%
80 Danemark
79%
82 Royaume-Uni
76%
96 Australie
69%
59 Autriche
68%
118 Islande
67%
54 Luxembourg
61%
73 Nouvelle-Zélande
60%
53 Slovénie
39%
Aucun quiz correspondant
Distribution des résultats
% des personnes avec chaque résultat
Percentile par nombre de réponses
Votre historique - résultats
Vous n’avez pas pris ce quiz